000 00483nam a2200181Ia 4500
001 11083
005 20260306161920.0
008 260306t1993||||xx |||||||||||||| ||spa||
041 _aESP
082 _a985.004
_bP43
100 _aComisión Nacional Peruana del V Centenario del Descubrimiento de América
_eAUT
245 0 _aPerú:
_bpresencia e identidad
260 _c1993
300 _a206 páginas :
_c24 cm.
650 _aGEN
654 _aCHU
942 _cLIB
_dJUS
_fJUS
_2ddc
_n
999 _c11083
_d11083